A Histrory of Cambodia-Thailand Diplomatic Ralations 1950-2020 (Record no. 25430)

000 -LEADER
fixed length control field 00309nam a22001217a 4500
040 ## - CATALOGING SOURCE
Transcribing agency RUA
082 ## - DEWEY DECIMAL CLASSIFICATION NUMBER
Classification number OPG SOK 2020 A126 Or.
100 ## - MAIN ENTRY--AUTHOR NAME
Personal name SOK UDOM DETH
245 ## - TITLE STATEMENT
Title A Histrory of Cambodia-Thailand Diplomatic Ralations 1950-2020
260 ## - PUBLICATION, DISTRIBUTION, ETC. (IMPRINT)
Place of publication RUA
Name of publisher Phnom Penh
Year of publication 2020
300 ## - PHYSICAL DESCRIPTION
Number of Pages 231P.
Dimensions 22Cm
942 ## - ADDED ENTRY ELEMENTS (KOHA)
Koha item type សៀវភៅភាសាអង់គ្លេស
952 ## - LOCATION AND ITEM INFORMATION (KOHA)
Withdrawn status [LOCAL, KOHA] 0
Holdings
Permanent Location Date acquired Koha item type Lost status Shelving location Barcode Current Location Full call number
Library Block A2025-09-02សៀវភៅភាសាអង់គ្លេស A126A083901Library Block AOPG SOK 2020 A126 Or.
មជ្ឈមណ្ឌលឯការនៃសាកលវិទ្យាល័យភូមិន្ទកសិកម្មចំការដូង

Powered by Koha